Eddsworld Characters - Statistics

General Stats
  • This quiz has been taken 192 times
  • The average score is 8 of 9
Answer Stats
Hint Answer % Correct
Green Hoodie edd
100%
Purple Hoodie, Green Overcoat matt
100%
Red Hoodie tord
100%
Blue Hoodie tom
99%
Nextdoor Neighbor edd eduardo
84%
Nextdoor Neighbour Tom jon
84%
Oh, CLOUDBERG!!! paul
78%
Nextdoor Neighbour matt mark
74%
We...Are In A Plane patryk
73%
No matching quizzes found
Score Distribution
Percent of People with Each Score
Percentile by Number Answered
Your Score History
You have not taken this quiz